| Tag |
First Indicator |
Second Indicator |
Subfields |
| LEADER |
00000cam a2200000 a 4500 |
| 001 |
in00002583521 |
| 005 |
20151201151829.0 |
| 008 |
091105s2010 nyua b 001 0 eng |
| 010 |
|
|
|a 2009045458
|
| 020 |
|
|
|a 9780061763274
|
| 020 |
|
|
|a 0061763276
|
| 035 |
|
|
|a (OCoLC)ocn456180380
|
| 035 |
|
|
|a (OCoLC)456180380
|
| 040 |
|
|
|a DLC
|c DLC
|d BTCTA
|d YDXCP
|d C#P
|d BWX
|d CDX
|d UtOrBLW
|
| 049 |
|
|
|a TXAM
|
| 050 |
0 |
0 |
|a HF5549.5.R44
|b M45 2010
|
| 082 |
0 |
0 |
|a 658.3/01
|2 22
|
| 100 |
1 |
|
|a Meister, Jeanne C.
|
| 245 |
1 |
4 |
|a The 2020 workplace :
|b how innovative companies attract, develop, and keep tomorrow's employees today /
|c Jeanne C. Meister and Karie Willyerd.
|
| 246 |
3 |
|
|a Twenty-twenty workplace
|
| 246 |
3 |
|
|a Two thousand twenty workplace
|
| 250 |
|
|
|a 1st ed.
|
| 264 |
|
1 |
|a New York :
|b Harper Business,
|c [2010]
|
| 264 |
|
4 |
|c ©2010
|
| 300 |
|
|
|a 294 pages :
|b illustrations ;
|c 24 cm.
|
| 336 |
|
|
|a text
|b txt
|2 rdacontent
|
| 337 |
|
|
|a unmediated
|b n
|2 rdamedia
|
| 338 |
|
|
|a volume
|b nc
|2 rdacarrier
|
| 504 |
|
|
|a Includes bibliographical references and index.
|
| 536 |
|
|
|a Given in memory of Charles (Chuck) Haddad by Drs. Dennie & Lana Smith, May 2010.
|
| 650 |
|
0 |
|a Employees
|x Recruiting.
|
| 650 |
|
0 |
|a Employee retention.
|
| 650 |
|
0 |
|a Manpower planning.
|
| 650 |
|
0 |
|a Personnel management.
|
| 700 |
1 |
|
|a Willyerd, Karie.
|
| 938 |
|
|
|a Baker and Taylor
|b BTCP
|n BK0008581670
|
| 938 |
|
|
|a YBP Library Services
|b YANK
|n 3202520
|
| 938 |
|
|
|a Blackwell Book Service
|b BBUS
|n R2846769
|c $26.99
|
| 938 |
|
|
|a Coutts Information Services
|b COUT
|n 11137187
|
| 948 |
|
|
|a cataloged
|b h
|c 2010/7/5
|d c
|e rrojas
|f 3:31 pm
|
| 994 |
|
|
|a C0
|b TXA
|
| 999 |
|
|
|a MARS
|
| 999 |
f |
f |
|s 01c4695f-3147-3780-8c12-01011f13dd5b
|i 2939417f-323c-35cc-bed0-85c0311b9605
|t 0
|
| 952 |
f |
f |
|p normal
|a Texas A&M University
|b College Station
|c Sterling C. Evans Library
|d Evans: Library Stacks
|t 0
|e HF5549.5.R44 M45 2010
|h Library of Congress classification
|i unmediated -- volume
|m A14838854082
|
| 998 |
f |
f |
|a HF5549.5.R44 M45 2010
|t 0
|l Evans: Library Stacks
|